000 00605nam a22002057a 4500
005 20240119160439.0
008 230818b |||||||| |||| 00| 0 eng d
020 _a978-93-90619-45-0
041 _aEng
082 _22nd
_a616.01/DHI
100 _aDhir Anju
_9180634
245 _aTextbook of Applied Microbiology Including Infection Control and Safety for BSc Nursing Students
250 _a2nd edition
260 _bCBS Publishers & Distributors Pvt. Ltd.
_aNew Delhi
_c2023
300 _aXXIX; 529p
365 _b895.00
500 _aMicrobiology
650 _aMicrobiology
942 _cBK
999 _c355822
_d355822